| 000 | 00687nam a22002173a 4500 | ||
|---|---|---|---|
| 005 | 20240806063810.0 | ||
| 008 | 010531s1997 mx fr 000 0 spa d | ||
| 020 | _a9681654420 | ||
| 035 | _aUPN01000116884 | ||
| 049 | _aI | ||
| 050 | 4 |
_aPN6120.95 G7 _bO7.28 |
|
| 100 | 1 |
_aOrlev, Uri, _d1931- _930817 |
|
| 245 | 1 | 3 |
_aLa abuela tejedora / _cUri Orlev ; il. de Tania Janco ; tr. de Déborah Roitman. |
| 260 |
_aMéxico : _bFCE, _c1997. |
||
| 300 |
_a[40] p. : _bil. |
||
| 440 | 0 |
_aA la orilla del viento. _pPara los grandes lectores ; _v96 |
|
| 650 | 7 |
_aAbuelas _vLiteratura juvenil _2 _968 |
|
| 650 | 4 | _aABSTRACCION (PSICOLOGIA) | |
| 650 | 4 |
_aLiteratura juvenil _95153 |
|
| 905 | _aInfantil | ||
| 999 |
_c89526 _d89526 |
||